000 01776cam a22004694i 4500
003 PE-LiUPU
005 20250731172952.0
008 150623s1996 miu rb 000 0 eng d
020 _a0802842690
020 _a9780802842695
035 _a(Sirsi) i9780802842695
040 _aPE-LiUPU
_bspa
_cPE-LiUPU
_erda
049 _aPRUA
082 0 4 _a241.66
_bG12
_221
100 1 _aGaddy, C. Welton,
_eautor.
245 1 0 _aAdultery and grace :
_bthe ultimate scandal /
_cC. Welton Gaddy.
264 1 _aMichigan :
_bWilliam B. Eerdmans Publishing Company,
_c1996.
300 _a191 páginas ;
_c23 centímetros
336 _atext
_2rdacontent
337 _aunmediated
_2rdamedia
338 _avolume
_2rdacarrier
504 _aIncluye bibliografía.
505 0 _aA hell of a pleasure : Love, honor, and betrayal: the dynamics of adulterous affairs -- The good, the bad, and the ugly -- An unpardonable sin? : Law has no answer -- Tough truths in biblical texts -- Scandal of scandals : The gift of grace: promise and offense -- The corrective work of grace: responses to adultery -- The creative work of grace: initiatives for help and hope.
526 _aSEG42
526 _aSEG41
526 _aSEG40
526 _aSEG39
526 _aP94
526 _aP87
526 _aP86
526 _aP85
526 _aP77
526 _aP76
526 _aP35
650 1 4 _aAdulterio
_xEnseñanza bíblica.
910 _adbm
_bjpc
_cjpc
_d20190516
942 _2ddc
_cBOOK
994 _aC0
_bPEPRU
596 _a1
999 _a241.66 G12
_wDEWEY
_c21892
_i45013
_f2021-11-10
_g5
_lCCODEBUL1
_mBUL
_p30.00
_r0
_sY
_tBOOK
_u2015-6-24
_xTEOLOGIA
_PP35
_0COMPRA
_o.STAFF. Colección Teología
_d21892
980 _81
_gALBERTO SANCHEZ Responsable de Automatización